000 00634nam a2200205 i 4500
001 64296
003 ES-MaACL
005 20230906165109.0
007 t|
008 031223s1963 sp ||||1| spa d
100 1 _aFlores Haperotxipi, M.
_951285
245 1 0 _aVida, obra y anécdotas del pintor Pablo Uranga /
_cM. Flores Haperotxipi ; cubierta de Nestor Basterrechea.
260 _a[Zarauz :
_bs.n.,
_c1963] (
_fIcharopena)
300 _a114 p., 20 lám. ;
_c21 cm.
490 1 _aAzkue
700 1 _aBasterretxea, Néstor.
_926357
830 0 _aAzkue
_9186375
852 _aES-MaACL
_jC-24345
_bR.53020
999 _c64296
_d64296